000
00323nam a2200133Ia 4500
008
240624s9999 xx 000 0 und d
041
_a
eng
082
_a
658.049 MEN
100
_a
MENIPAZ EHUD
245
_a
INTERNATIONAL BUSINESS
260
_c
2011
_a
New Delhi
_b
Sage
300
_a
xvii, 649 p.; 23 cm.
365
_c
RS
_b
32
999
_c
29538
_d
29538